00381 a2200121 4500003000500000005001700005040000900022082000800031245005300039260003200092650011200124651002300236Nust20170207161858.0 cNust a799 aOpen House 2013,Photograph 2013 (Soft Copy)cMCS aRawalpindibMCSc15-05-2013 aPictures of Open House 2013, Photograph 2013 (CD-No-23,Vol-II) also Avaiable in Seprate CD Open House-2013 aSweet Memories-MCS